Histoire du drapeau de la Jamaïque - Statistiques

Statistiques générales
  • Ce quiz a été pris 35 fois
  • Le résultat moyen est 4 sur 6
Statistiques - réponses
Hint Réponse % Correct
Jamaïque (drapeau actuel depuis 1962)
92%
Colonie espagnole de Santiago (1509-1655)
85%
Quatrième drapeau de la colonie britannique de Jamaïque (1906-1962)
65%
Troisième drapeau de la colonie britannique de Jamaïque (1875-1906)
54%
Premier drapeau de la colonie britannique de Jamaïque (1665-1800)
50%
Deuxième drapeau de la colonie britannique de Jamaïque (1800-1865)
50%
Aucun quiz correspondant
Distribution des résultats
% des personnes avec chaque résultat
Percentile par nombre de réponses
Votre historique - résultats
Vous n’avez pas pris ce quiz